| 000 | 00372nam a2200133Ia 4500 | ||
|---|---|---|---|
| 008 | 240126s9999 xx 000 0 und d | ||
| 041 | _aEnglish | ||
| 245 | 0 | _aIntelligent Entrepreneur (Aug, 2010 - ) | |
| 260 |
_bInfomedia 18 Ltd. _aMumbai |
||
| 440 | _aNULL | ||
| 650 | _aIntelligent,Entrepreneur,(Aug,,2010,-, ),Management | ||
| 650 | _aManagement | ||
| 942 | _cJN | ||
| 999 |
_c267242 _d267242 |
||